PEOPLE IN CRISIS / (Record no. 616648)
[ view plain ]
| 000 -LEADER | |
|---|---|
| fixed length control field | 00225nam a22000977a 4500 |
| 040 ## - CATALOGING SOURCE | |
| Transcribing agency | FIZZA ISHAQ |
| 082 ## - DEWEY DECIMAL CLASSIFICATION NUMBER | |
| Classification number | 616.89 |
| Author Mark | LEE |
| 100 ## - MAIN ENTRY--PERSONAL NAME | |
| Personal name | HOFF,ANN LEE. |
| 9 (RLIN) | 133684 |
| 245 ## - TITLE STATEMENT | |
| Title | PEOPLE IN CRISIS / |
| Statement of responsibility, etc. | LEE ANN HOFF. |
| 942 ## - ADDED ENTRY ELEMENTS (KOHA) | |
| Source of classification or shelving scheme | |
| Koha item type | Book |
No items available.
